Statistiques concernant Les courses cyclistes World Tour 2024

Cliquez ici pour prendre le quiz!

Statistiques générales

  • Ce quiz a été pris 87 fois
  • Le résultat moyen est 20 sur 35

Statistiques - réponses

Date (2024)Course% Correct
29 juin-21 juilletTour de France
98%
4-26 maiGiro d'Italia
94%
7 avrilParis-Roubaix
92%
17 août-8 septembreVuelta España
92%
16 marsMilan-SanRemo
87%
31 marsTour des Flandres
84%
3-10 marsParis-Nice
82%
21 avrilLiège-Bastogne-Liège
76%
12 octobreTour de Lombardie
76%
2-9 juinCritérium du Dauphiné
74%
9-16 juinTour de Suisse
74%
4-10 marsTirreno-Adriatico
68%
16-21 janvierTour Down Under
66%
2 marsStrade Bianche
65%
18-24 marsTour de Catalogne
63%
17 avrilFlèche Wallonne
60%
23 avril-28 avrilTour de Romandie
56%
22 marsE3 Saxo Bank Classic
55%
19-25 févrierUAE Tour
53%
1-6 avrilTour du Pays-basque
52%
24 marsGand-Wevelgem
50%
14 avrilAmstel Gold Race
48%
27 marsA travers les Flandres
48%
25 aoûtBretagne Classic
47%
10 aoûtClassica San-Sebastian
45%
15 septembreGP de Montréal
44%
28 janvierCadel Evans Great Ocean Road Race
42%
12-18 aoûtTour de Pologne
42%
13 septembreGP de Québec
40%
24 févrierCircuit Het Nieuwsblad
32%
1er maiEschborn-Francfort
23%
15-20 octobreTour du Guangxi
21%
8 septembreBEMER Cyclassic Hamburg
19%
28 août-1er septembreRenewi Tour
13%
20 marsClassic Bruges-La Panne
6%

Distribution des résultats

Percentile par nombre de réponses

% des personnes avec chaque résultat

Votre développement - résultats

Vous n’avez pas pris ce quiz